Resilient Tourism Management

Salvato in:
Dettagli Bibliografici
Autore principale: McLoughlin, Emmet
Natura: Libro
Lingua:inglese
Tags: Aggiungi Tag
Nessun Tag, puoi essere il primo ad aggiungerne!!

MARC

LEADER 00000nam a2200000 4500
001 0315350
005 20260309133800.7
020 |a 9781917433624 
041 0 |a eng 
245 1 0 |a Resilient Tourism Management  |c Emmet McLoughlin 
500 |a ProQuest e-books. 
100 1 |a McLoughlin, Emmet